[Event "ISL-chT1 1819"]
[Site "Reykjavik"]
[Date "2019.03.02"]
[Round "9.3"]
[White "Thorhallsson, Throstur"]
[Black "Bergsson, Snorri"]
[Result "1-0"]
[WhiteElo "2422"]
[BlackElo "2249"]
[PlyCount "83"]
[EventDate "2018.11.08"]
[EventType "team-tourn"]
[EventRounds "9"]
[EventCountry "ISL"]
[SourceTitle "CBM 189 Extra"]
[Source "ChessBase"]
[SourceDate "2019.06.03"]
[SourceVersion "1"]
[SourceVersionDate "2019.06.03"]
[SourceQuality "1"]
[WhiteTeam "Skakfelagidj Huginn"]
[BlackTeam "Breidjablik Bolungavik"]
[WhiteTeamCountry "ISL"]
[BlackTeamCountry "ISL"]

1. e4 e6 2. d4 d5 3. Nc3 Bb4 4. e5 Qd7 5. Qg4 f5 6. Qh5+ Qf7 7. Qd1 b6 8. Nf3 Ne7 9. Bd2 Nec6 10. Nb5 Bxd2+ 11. Qxd2 h6 12. h4 a6 13. Nc3 Nd7 14. Ne2 Bb7 15. Nf4 Ne7 16. h5 0-0 17. Rh3 Rfc8 18. Bd3 c5 19. c3 Nf8 20. Kf1 Nc6 21. Ne2 a5 22. Kg1 a4 23. Kh1 c4 24. Bc2 a3 25. b4 cxb3 26. axb3 Ne7 27. Bd3 Ra7 28. Ra2 Bc6 29. g3 Qe8 30. Kg2 Bb5 31. Rh1 Bxd3 32. Qxd3 Nc6 33. Nf4 Qe7 34. Rha1 Rca8 35. Ne1 Na5 36. Qb5 Qd7 37. Qxd7 Rxd7 38. Rxa3 Rc8 39. b4 Nc4 40. Ra8 Rxa8 41. Rxa8 Kf7 42. Nf3 1-0

[Event "ISL-chT 1718"]
[Site "Reykjavik"]
[Date "2017.10.21"]
[Round "3.1"]
[White "Bergsson, Snorri"]
[Black "Einarsson, Arnthor"]
[Result "0-1"]
[WhiteElo "2268"]
[BlackElo "2255"]
[PlyCount "137"]
[EventDate "2017.10.19"]
[EventType "team-tourn"]
[EventRounds "9"]
[EventCountry "ISL"]
[SourceTitle "CBM 181 Extra"]
[Source "ChessBase"]
[SourceDate "2017.12.12"]
[SourceVersion "1"]
[SourceVersionDate "2017.12.12"]
[SourceQuality "1"]
[WhiteTeam "Bolungarvik"]
[BlackTeam "KR CC"]
[WhiteTeamCountry "ISL"]
[BlackTeamCountry "ISL"]

1. Nf3 Nf6 2. g3 c6 3. Bg2 d5 4. b3 Bf5 5. Bb2 Nbd7 6. 0-0 h6 7. d3 e6 8. c4 Be7 9. Nc3 0-0 10. Re1 Bh7 11. a3 a5 12. Rc1 Qb8 13. cxd5 exd5 14. Nd4 Qa7 15. e3 Ne5 16. Bf1 Bg6 17. Be2 h5 18. h3 Qb8 19. f4 c5 20. Nf3 Nc6 21. Na4 b6 22. Ne5 Nxe5 23. Bxe5 Qc8 24. Kh2 Nd7 25. Bb2 Qa6 26. d4 Qb7 27. Bf3 Rfd8 28. Bxh5 Bxh5 29. Qxh5 Nf6 30. Qf3 Ne4 31. Nc3 Bf6 32. Red1 cxd4 33. exd4 Rac8 34. Qd3 Nf2 35. Qf3 Nxd1 36. Rxd1 b5 37. Rd2 Qd7 38. Qd3 Rb8 39. Nd1 Re8 40. Kg2 Re4 41. Nf2 Ree8 42. Ng4 Bd8 43. Ne5 Qb7 44. Qf5 Qe7 45. Nc6 Qe1 46. Rf2 Re2 47. Rxe2 Qxe2+ 48. Kh1 Qf3+ 49. Kh2 Ra8 50. Qc2 Bf6 51. h4 Qe4 52. Qc3 Qe6 53. Ne5 Rc8 54. Qd3 Bxe5 55. dxe5 Qc6 56. Qd4 Qc2+ 57. Kh3 Qe4 58. h5 Qxd4 59. Bxd4 Rc1 60. f5 Rd1 61. Bc3 a4 62. bxa4 bxa4 63. Kg4 d4 64. Bb4 d3 65. e6 fxe6 66. fxe6 Rf1 67. Kg5 Rf2 68. h6 Re2 69. e7 0-1

[Event "ISL-chT2 1415"]
[Site "Reykjavik"]
[Date "2014.10.04"]
[Round "2"]
[White "Bergsson, Snorri"]
[Black "Einarsson, Arnthor"]
[Result "0-1"]
[WhiteElo "2296"]
[BlackElo "2222"]
[PlyCount "116"]
[EventDate "2014.10.03"]
[EventType "team-tourn"]
[EventRounds "7"]
[EventCountry "ISL"]
[SourceTitle "EXT 2016"]
[Source "ChessBase"]
[SourceDate "2015.10.08"]
[SourceVersion "1"]
[SourceVersionDate "2015.10.08"]
[SourceQuality "1"]
[WhiteTeam "Reykjavik TR II"]
[BlackTeam "Reykjavik KR"]
[WhiteTeamCountry "ISL"]
[BlackTeamCountry "ISL"]

1. e4 d6 2. d4 g6 3. Nf3 Nf6 4. Nc3 Bg7 5. Be2 0-0 6. 0-0 c6 7. h3 Nbd7 8. a4 a5 9. Be3 e5 10. dxe5 dxe5 11. Nd2 Qe7 12. Nc4 Rd8 13. Qe1 Nc5 14. f3 Nfd7 15. Rd1 Ne6 16. Nb6 Nxb6 17. Bxb6 Rxd1 18. Nxd1 Nf4 19. Rf2 Bf6 20. Kh2 Bh4 21. g3 Nxh3 22. Rg2 Bf6 23. Ne3 Qf8 24. Bd1 Qh6 25. Rd2 Be6 26. Kg2 Qg5 27. Ng4 h5 28. Be3 Nf4+ 29. gxf4 exf4 30. Bxf4 Qxf4 31. Nxf6+ Qxf6 32. c3 Qg5+ 33. Kh1 Rd8 34. f4 Qe7 35. Rd4 Rxd4 36. cxd4 Bd5 37. Bf3 Bb3 38. Kg2 Qb4 39. Qxb4 axb4 40. a5 Kf8 41. Kg3 Ke7 42. Kh4 Kf6 43. Kg3 Ke6 44. Kh4 f6 45. Bg2 Bc2 46. f5+ gxf5 47. exf5+ Kxf5 48. Bh3+ Ke4 49. Bc8 Kxd4 50. Bxb7 Kc5 51. Kxh5 Be4 52. Kg4 f5+ 53. Kf4 Kb5 54. a6 Kb6 55. Ke3 Bc2 56. Bc8 c5 57. Kd2 Be4 58. b3 f4 0-1

[Event "ISL-chT 1314"]
[Site "Reykjavik"]
[Date "2013.10.13"]
[Round "5.2"]
[White "Arnason, Throstur"]
[Black "Bergsson, Snorri"]
[Result "1/2-1/2"]
[WhiteElo "2265"]
[BlackElo "2302"]
[PlyCount "63"]
[EventDate "2013.10.10"]
[EventType "team-tourn"]
[EventRounds "9"]
[EventCountry "ISL"]
[SourceTitle "EXT 2014"]
[Source "ChessBase"]
[SourceDate "2013.11.20"]
[SourceVersion "1"]
[SourceVersionDate "2013.11.20"]
[SourceQuality "1"]
[WhiteTeam "Hellir"]
[BlackTeam "Reykjavik"]
[WhiteTeamCountry "ISL"]
[BlackTeamCountry "ISL"]

1. Nf3 Nf6 2. c4 e6 3. g3 b6 4. Bg2 Bb7 5. 0-0 c5 6. Nc3 Be7 7. d4 cxd4 8. Qxd4 d6 9. b3 0-0 10. Bb2 a6 11. Rad1 Qc7 12. Ba3 Ne8 13. e4 Nd7 14. Qe3 Rc8 15. e5 Bxf3 16. exd6 Bxd6 17. Bxd6 Nxd6 18. Bxf3 Nf5 19. Qe2 Rfd8 20. Be4 Nd6 21. Bb1 Nf6 22. Rd4 Nb7 23. Rfd1 Rxd4 24. Rxd4 Nc5 25. b4 Ncd7 26. Ne4 Nxe4 27. Bxe4 g6 28. f4 e5 29. fxe5 Nxe5 30. Bd5 Kg7 31. Re4 f6 32. Kg2 1/2-1/2

[Event "ISL-chT 1314"]
[Site "Reykjavik"]
[Date "2013.10.12"]
[Round "4.5"]
[White "Hardarson, Marteinn Thor"]
[Black "Bergsson, Snorri"]
[Result "0-1"]
[WhiteElo "1808"]
[BlackElo "2302"]
[PlyCount "56"]
[EventDate "2013.10.10"]
[EventType "team-tourn"]
[EventRounds "9"]
[EventCountry "ISL"]
[SourceTitle "EXT 2014"]
[Source "ChessBase"]
[SourceDate "2013.11.20"]
[SourceVersion "1"]
[SourceVersionDate "2013.11.20"]
[SourceQuality "1"]
[WhiteTeam "Vinaskakfelagid"]
[BlackTeam "Reykjavik"]
[WhiteTeamCountry "ISL"]
[BlackTeamCountry "ISL"]

1. d4 Nf6 2. c4 c5 3. Nf3 cxd4 4. Nxd4 Nc6 5. Nc3 g6 6. e4 Bg7 7. Be3 Qa5 8. f3 0-0 9. Qd2 d6 10. Be2 Bd7 11. 0-0 Rfc8 12. Rac1 Nxd4 13. Bxd4 Be6 14. b3 Nd7 15. Bxg7 Kxg7 16. f4 f6 17. Kh1 a6 18. Qe3 Qc5 19. Qg3 Rf8 20. Nd5 Bxd5 21. exd5 a5 22. Rf3 f5 23. Qh4 Nf6 24. Rh3 Rf7 25. g4 fxg4 26. Bxg4 Kf8 27. f5 g5 28. Qxg5 Rg7 0-1

[Event "Belgrade Trophy 23rd"]
[Site "Obrenovac"]
[Date "2010.12.02"]
[Round "9"]
[White "Pantelic, Slavisa"]
[Black "Bergsson, Snorri"]
[Result "0-1"]
[WhiteElo "2153"]
[BlackElo "2304"]
[PlyCount "38"]
[EventDate "2010.11.24"]
[EventType "swiss"]
[EventRounds "9"]
[EventCountry "YUG"]
[SourceTitle "CBM 139 Extra"]
[Source "ChessBase"]
[SourceDate "2011.01.05"]
[SourceVersion "1"]
[SourceVersionDate "2011.01.05"]
[SourceQuality "1"]

1. e4 c6 2. d4 d5 3. e5 Bf5 4. Nc3 e6 5. g4 Bg6 6. Nge2 c5 7. Be3 Nc6 8. Qd2 a6 9. h4 h5 10. Nf4 cxd4 11. Bxd4 Bxc2 12. gxh5 Bf5 13. Bg2 Rc8 14. 0-0 Qxh4 15. b4 g5 16. Nfe2 Rxh5 17. f3 Qh2+ 18. Kf2 Bh3 19. Rg1 Nxd4 0-1

[Event "Belgrade Trophy 23rd"]
[Site "Obrenovac"]
[Date "2010.11.24"]
[Round "1"]
[White "Bergsson, Snorri"]
[Black "Skoric, Branko"]
[Result "1-0"]
[WhiteElo "2304"]
[BlackElo "1929"]
[PlyCount "69"]
[EventDate "2010.11.24"]
[EventType "swiss"]
[EventRounds "9"]
[EventCountry "YUG"]
[SourceTitle "CBM 139 Extra"]
[Source "ChessBase"]
[SourceDate "2011.01.05"]
[SourceVersion "1"]
[SourceVersionDate "2011.01.05"]
[SourceQuality "1"]

1. e4 e5 2. Nf3 Nc6 3. Bb5 d6 4. 0-0 Bd7 5. c3 a6 6. Ba4 Be7 7. d4 exd4 8. cxd4 b5 9. Bb3 Na5 10. Bc2 Bg4 11. e5 d5 12. a4 b4 13. Be3 Nc4 14. b3 Nxe3 15. fxe3 Nh6 16. h3 Bf5 17. g4 Bxc2 18. Qxc2 Qd7 19. Rc1 Ra7 20. Nbd2 0-0 21. Qc6 Rd8 22. Qxd7 Rxd7 23. Rc6 Kf8 24. Rac1 Bd8 25. R1c5 a5 26. Rb5 Be7 27. Rb8+ Bd8 28. e6 fxe6 29. Ne5 Ke7 30. Ndf3 Nf7 31. Nxf7 Kxf7 32. Ne5+ Ke7 33. g5 Ke8 34. Rxe6+ Re7 35. Rxe7+ 1-0

[Event "ISL-chT 1011"]
[Site "Reykjavik"]
[Date "2010.10.09"]
[Round "2.3"]
[White "Bergsson, Snorri"]
[Black "Bjornsson, Sverrir Orn"]
[Result "1/2-1/2"]
[WhiteElo "2310"]
[BlackElo "2161"]
[PlyCount "76"]
[EventDate "2010.10.08"]
[EventType "team-tourn"]
[EventRounds "9"]
[EventCountry "ISL"]
[SourceTitle "EXT 2012"]
[Source "ChessBase"]
[SourceDate "2011.11.24"]
[SourceVersion "1"]
[SourceVersionDate "2011.11.24"]
[SourceQuality "1"]
[WhiteTeam "TR"]
[BlackTeam "Haukar"]
[WhiteTeamCountry "ISL"]
[BlackTeamCountry "ISL"]

1. e4 c5 2. Nf3 e6 3. d4 cxd4 4. Nxd4 Nf6 5. Nc3 d6 6. g4 h6 7. Bg2 Nc6 8. h3 a6 9. 0-0 Be7 10. Be3 Ne5 11. b3 g5 12. Nce2 b5 13. Ng3 Bd7 14. Nde2 Qc7 15. Bd4 Rc8 16. c3 Bc6 17. f4 gxf4 18. Nxf4 Nfd7 19. Ngh5 Rh7 20. Qe2 Bb7 21. Rac1 Bg5 22. Rc2 Nc5 23. Bxe5 dxe5 24. Nd3 Rd8 25. Ne1 Ke7 26. b4 Nd7 27. c4 bxc4 28. Rxc4 Bc6 29. Qf2 Qd6 30. Nf3 Bb5 31. Nxg5 hxg5 32. Rfc1 Bxc4 33. Rxc4 Qb6 34. Qxb6 Nxb6 35. Rc6 Rd6 36. Rc7+ Rd7 37. Rc6 Rd6 38. Rc7+ Rd7 1/2-1/2

[Event "Belgrade op"]
[Site "Belgrade"]
[Date "2009.12.02"]
[Round "9"]
[White "Tomic, Miroslav"]
[Black "Bergsson, Snorri"]
[Result "0-1"]
[WhiteElo "2050"]
[BlackElo "2338"]
[PlyCount "100"]
[EventDate "2009.11.24"]
[EventType "swiss"]
[EventRounds "9"]
[EventCountry "YUG"]
[SourceTitle "CBM 133 Extra"]
[Source "ChessBase"]
[SourceDate "2010.01.05"]
[SourceVersion "1"]
[SourceVersionDate "2010.01.05"]
[SourceQuality "1"]

1. b4 d5 2. Bb2 e6 3. e3 c6 4. a3 Nd7 5. c4 Ngf6 6. Nf3 Bd6 7. Be2 0-0 8. d4 Ne4 9. Nbd2 f5 10. Qc2 Qf6 11. c5 Bc7 12. Bd3 Qh6 13. Nb3 Ndf6 14. 0-0-0 Bd7 15. Kb1 Be8 16. Rdf1 Nd7 17. Bc1 Qf6 18. Ne1 Qe7 19. f3 Nef6 20. g4 fxg4 21. fxg4 e5 22. g5 Ne4 23. Ka2 Nxg5 24. h4 e4 25. hxg5 exd3 26. Rxf8+ Nxf8 27. Nxd3 Bg6 28. Qe2 Qe4 29. Rd1 Ne6 30. Bb2 Rf8 31. Ne5 Bxe5 32. dxe5 Qc2 33. Re1 Qxe2 34. Rxe2 Bd3 35. Rg2 Bf1 36. Rg3 Bc4 37. a4 a5 38. Ka3 axb4+ 39. Kxb4 Bxb3 40. Kxb3 Nxc5+ 41. Kb4 Nd3+ 42. Kb3 Nxb2 43. Kxb2 Rf5 44. Kb3 Rxe5 45. a5 d4 46. a6 dxe3 47. axb7 Rb5+ 48. Kc4 Rxb7 49. Rxe3 Kf7 50. Rf3+ Kg6 0-1

[Event "Belgrade op"]
[Site "Belgrade"]
[Date "2009.11.29"]
[Round "6"]
[White "Bergsson, Snorri"]
[Black "Dodic, Dragan"]
[Result "1-0"]
[WhiteElo "2338"]
[BlackElo "2147"]
[PlyCount "56"]
[EventDate "2009.11.24"]
[EventType "swiss"]
[EventRounds "9"]
[EventCountry "YUG"]
[SourceTitle "CBM 133 Extra"]
[Source "ChessBase"]
[SourceDate "2010.01.05"]
[SourceVersion "1"]
[SourceVersionDate "2010.01.05"]
[SourceQuality "1"]

1. e4 c6 2. d4 d5 3. e5 Bf5 4. Nc3 e6 5. g4 Bg6 6. Nge2 c5 7. h4 h5 8. Nf4 Bh7 9. g5 cxd4 10. g6 dxc3 11. gxf7+ Kxf7 12. Qxh5+ g6 13. Qf3 cxb2 14. Bxb2 Nh6 15. Bh3 Nf5 16. Bxf5 gxf5 17. Qh5+ Ke7 18. 0-0-0 Nc6 19. Nxd5+ exd5 20. e6 Qe8 21. Qg5+ Kd6 22. Qf4+ Kc5 23. Qe3+ d4 24. Bxd4+ Nxd4 25. Qxd4+ Kc6 26. Qd5+ Kb6 27. Rh3 a5 28. e7 Bxe7 1-0

[Event "Belgrade op"]
[Site "Belgrade"]
[Date "2009.11.28"]
[Round "5"]
[White "Dedic, Slavko"]
[Black "Bergsson, Snorri"]
[Result "0-1"]
[WhiteElo "1989"]
[BlackElo "2338"]
[PlyCount "72"]
[EventDate "2009.11.24"]
[EventType "swiss"]
[EventRounds "9"]
[EventCountry "YUG"]
[SourceTitle "CBM 133 Extra"]
[Source "ChessBase"]
[SourceDate "2010.01.05"]
[SourceVersion "1"]
[SourceVersionDate "2010.01.05"]
[SourceQuality "1"]

1. Nf3 c5 2. e4 e6 3. c3 Nf6 4. e5 Nd5 5. c4 Nc7 6. b3 Nc6 7. Bb2 Be7 8. Bd3 0-0 9. Na3 f6 10. Qb1 f5 11. 0-0 b6 12. Nb5 Nxb5 13. cxb5 Nb4 14. Bc4 Bb7 15. a3 Nd5 16. Ne1 Nf4 17. f3 g5 18. g3 Nh3+ 19. Kg2 g4 20. Be2 Qe8 21. d3 Qh5 22. Bc1 Rf7 23. Be3 Raf8 24. Qd1 Rg7 25. Kh1 f4 26. Bf2 Nxf2+ 27. Rxf2 fxg3 28. Rg2 Rxf3 29. Kg1 gxh2+ 30. Rxh2 Rg3+ 31. Ng2 Qxh2+ 32. Kxh2 Rxg2+ 33. Kh1 Rxe2+ 34. Kg1 Rg2+ 35. Kf1 Rf7+ 36. Ke1 Bh4# 0-1

[Event "Belgrade Trophy 21st"]
[Site "Obrenovac"]
[Date "2008.12.02"]
[Round "6"]
[White "Bergsson, Snorri"]
[Black "Cabrilo, Goran"]
[Result "0-1"]
[WhiteElo "2340"]
[BlackElo "2500"]
[PlyCount "33"]
[EventDate "2008.11.27"]
[EventType "swiss"]
[EventRounds "9"]
[EventCountry "YUG"]
[SourceTitle "CBM 127 Extra"]
[Source "ChessBase"]
[SourceDate "2009.01.08"]
[SourceVersion "2"]
[SourceVersionDate "2009.01.28"]
[SourceQuality "1"]

1. e4 c5 2. Nf3 e6 3. d4 cxd4 4. Nxd4 a6 5. Nc3 Qc7 6. Bd3 Nf6 7. 0-0 Bc5 8. Nb3 Ba7 9. Qe2 Nc6 10. Bg5 Qe5 11. Qd2 Ng4 12. Bf4 Qf6 13. e5 Qe7 14. Rae1 Bb8 15. Bg5 f6 16. exf6 Nxf6 17. Bf4 0-1

[Event "Belgrade Trophy 21st"]
[Site "Obrenovac"]
[Date "2008.11.30"]
[Round "4"]
[White "Bergsson, Snorri"]
[Black "Knezevic, Mladen Z"]
[Result "1-0"]
[WhiteElo "2340"]
[BlackElo "2167"]
[PlyCount "87"]
[EventDate "2008.11.27"]
[EventType "swiss"]
[EventRounds "9"]
[EventCountry "YUG"]
[SourceTitle "CBM 127 Extra"]
[Source "ChessBase"]
[SourceDate "2009.01.08"]
[SourceVersion "2"]
[SourceVersionDate "2009.01.28"]
[SourceQuality "1"]

1. e4 d5 2. exd5 Qxd5 3. Nc3 Qd6 4. d4 Nf6 5. Nf3 a6 6. g3 g6 7. Bf4 Qd8 8. Bg2 Bg7 9. 0-0 0-0 10. Qe2 c6 11. Rfe1 Re8 12. Ne5 Be6 13. Rad1 Nd5 14. Bd2 Nxc3 15. Bxc3 Nd7 16. d5 cxd5 17. Bxd5 Bxd5 18. Rxd5 Bxe5 19. Bxe5 Qc8 20. Bc3 Qc6 21. Red1 Nf6 22. Re5 Kf8 23. Bb4 Ng8 24. Rd3 Rac8 25. c3 b6 26. Rd4 a5 27. Ba3 Rc7 28. Red5 Kg7 29. Qb5 Nf6 30. Qxc6 Rxc6 31. Re5 e6 32. c4 Rec8 33. b3 R8c7 34. Bb2 Ng8 35. Rd6 Kf8 36. Rd8+ Kg7 37. Rxe6+ f6 38. Rxc6 Rxc6 39. Rd7+ Kh6 40. Bd4 Kg5 41. Rg7 Nh6 42. Be3+ Kh5 43. h3 f5 44. g4+ 1-0

[Event "Reykjavik op 23rd"]
[Site "Reykjavik"]
[Date "2008.03.10"]
[Round "8"]
[White "Bergsson, Snorri"]
[Black "Halldorsson, Jon Arni"]
[Result "1-0"]
[WhiteElo "2333"]
[BlackElo "2174"]
[PlyCount "75"]
[EventDate "2008.03.03"]
[EventType "swiss"]
[EventRounds "9"]
[EventCountry "ISL"]
[SourceTitle "CBM 123 Extra"]
[Source "ChessBase"]
[SourceDate "2008.05.06"]
[SourceVersion "1"]
[SourceVersionDate "2008.05.06"]
[SourceQuality "1"]

1. e4 e6 2. d4 d5 3. Nc3 Nf6 4. Bg5 dxe4 5. Nxe4 Be7 6. Bxf6 Bxf6 7. Nf3 Nd7 8. Bd3 b6 9. Qe2 Bb7 10. 0-0-0 Qe7 11. g4 g6 12. h4 h5 13. g5 Bg7 14. Ba6 0-0-0 15. Rhe1 Nb8 16. Bxb7+ Kxb7 17. Qc4 Qd7 18. Re3 Qd5 19. Qa4 Qc6 20. Qb3 a6 21. c3 Qd5 22. Nc5+ Ka7 23. Nd3 Qxb3 24. axb3 Nc6 25. Nfe5 Bxe5 26. Nxe5 Nxe5 27. Rxe5 c6 28. Rd3 Rd7 29. b4 Rc8 30. Kd2 Kb7 31. Ke3 Ra8 32. Ke4 Kc8 33. Rf3 Kd8 34. Rxe6 Re7 35. Rxe7 Kxe7 36. Rf6 Rc8 37. Ke5 a5 38. b5 1-0

[Event "Reykjavik op 23rd"]
[Site "Reykjavik"]
[Date "2008.03.09"]
[Round "7"]
[White "Miezis, Normunds"]
[Black "Bergsson, Snorri"]
[Result "1-0"]
[WhiteElo "2553"]
[BlackElo "2333"]
[PlyCount "81"]
[EventDate "2008.03.03"]
[EventType "swiss"]
[EventRounds "9"]
[EventCountry "ISL"]
[SourceTitle "CBM 123 Extra"]
[Source "ChessBase"]
[SourceDate "2008.05.06"]
[SourceVersion "1"]
[SourceVersionDate "2008.05.06"]
[SourceQuality "1"]

1. c4 e6 2. e4 d5 3. exd5 exd5 4. d4 Nf6 5. Nc3 Bb4 6. Bd3 0-0 7. Nf3 dxc4 8. Bxc4 c5 9. 0-0 cxd4 10. Nxd4 Bg4 11. f3 Bh5 12. Kh1 Nbd7 13. Nce2 Ne5 14. Bb3 Qb6 15. Be3 Rad8 16. Nc3 Qa5 17. Na4 Rfe8 18. Bg1 Ne4 19. a3 Bf8 20. Bc2 Nc6 21. Nxc6 bxc6 22. Qc1 Nd2 23. Rf2 Be7 24. Nc3 Nc4 25. b4 Qc7 26. Bb3 Ne5 27. Nd5 Qd6 28. Nxe7+ Qxe7 29. Rf1 Nd3 30. Qxc6 Qh4 31. Rad1 Rc8 32. Qb5 Nf4 33. Rd4 Qf6 34. Rxf4 Qxf4 35. Qxh5 g6 36. Qg4 Qd2 37. Qd4 Qg5 38. Qxa7 Re7 39. Qd4 Rce8 40. h4 Qh5 41. Bf2 1-0

[Event "Reykjavik Hellir CC-ch"]
[Site "Reykjavik"]
[Date "2008.02.??"]
[Round "4"]
[White "Bjornsson, Sigurbjorn"]
[Black "Bergsson, Snorri"]
[Result "1-0"]
[WhiteElo "2297"]
[BlackElo "2340"]
[PlyCount "58"]
[EventDate "2008.02.??"]
[EventType "swiss"]
[EventRounds "7"]
[EventCountry "ISL"]
[SourceTitle "EXT 2010"]
[Source "ChessBase"]
[SourceDate "2010.11.25"]
[SourceVersion "1"]
[SourceVersionDate "2010.11.25"]
[SourceQuality "1"]

1. e4 c6 2. d4 d5 3. Nd2 dxe4 4. Nxe4 Bf5 5. Ng3 Bg6 6. h4 h6 7. h5 Bh7 8. Bd3 Bxd3 9. Qxd3 Nf6 10. Nf3 Nbd7 11. Bf4 e6 12. 0-0-0 Qa5 13. Kb1 Be7 14. c4 0-0 15. Ne4 Rfd8 16. Nxf6+ Nxf6 17. Ne5 c5 18. Qg3 Kf8 19. Bxh6 gxh6 20. Qf4 Kg7 21. d5 Qa6 22. Rd3 Rh8 23. Rg3+ Kf8 24. Re1 Rd8 25. dxe6 Rd4 26. Nd7+ Rxd7 27. exd7 Qa5 28. Rge3 Nxh5 29. Qe5 Bf6 1-0

[Event "Reykjavik Hellir CC-ch"]
[Site "Reykjavik"]
[Date "2008.02.??"]
[Round "2"]
[White "Snorrason, Snorri"]
[Black "Bergsson, Snorri"]
[Result "0-1"]
[WhiteElo "1905"]
[BlackElo "2340"]
[PlyCount "72"]
[EventDate "2008.02.??"]
[EventType "swiss"]
[EventRounds "7"]
[EventCountry "ISL"]
[SourceTitle "EXT 2010"]
[Source "ChessBase"]
[SourceDate "2010.11.25"]
[SourceVersion "1"]
[SourceVersionDate "2010.11.25"]
[SourceQuality "1"]

1. d4 Nf6 2. Bf4 b6 3. e3 Bb7 4. Nf3 e6 5. Bd3 c5 6. c3 Be7 7. h3 0-0 8. Qe2 Nc6 9. Nbd2 Re8 10. a3 Bf8 11. 0-0 h6 12. e4 cxd4 13. cxd4 Nxd4 14. Nxd4 e5 15. Bxe5 Rxe5 16. f4 Re8 17. e5 d6 18. e6 fxe6 19. Nxe6 Qd7 20. f5 Rac8 21. Bb5 Bc6 22. Ba6 Rb8 23. Bc4 d5 24. Bd3 Bd6 25. b4 a5 26. b5 Bb7 27. Qd1 Rbc8 28. Qb3 Bb8 29. Nf3 Qd6 30. Rfd1 Kh8 31. Qb2 Qg3 32. Qf2 Qxf2+ 33. Kxf2 Rc3 34. g4 Ne4+ 35. Bxe4 dxe4 36. Nh4 Bg3+ 0-1

[Event "Belgrade Trophy 20th"]
[Site "Belgrade"]
[Date "2007.11.22"]
[Round "1"]
[White "Skoric, Branko"]
[Black "Bergsson, Snorri"]
[Result "0-1"]
[WhiteElo "1948"]
[BlackElo "2298"]
[PlyCount "47"]
[EventDate "2007.11.22"]
[EventType "swiss"]
[EventRounds "9"]
[EventCountry "YUG"]
[SourceTitle "CBM 121 Extra"]
[Source "ChessBase"]
[SourceDate "2008.01.10"]
[SourceVersion "1"]
[SourceVersionDate "2008.01.10"]
[SourceQuality "1"]

1. e4 c5 2. c3 g6 3. Nf3 Bg7 4. d4 cxd4 5. cxd4 d5 6. e5 Nc6 7. Nc3 Nh6 8. Be2 0-0 9. 0-0 Bg4 10. Be3 e6 11. Qd2 Nf5 12. h3 Bxf3 13. Bxf3 Qb6 14. Rfd1 Nxe3 15. Qxe3 Rac8 16. b3 Nxe5 17. Bxd5 Nc6 18. Na4 Qb4 19. a3 Qd6 20. Bxc6 Rxc6 21. Ra2 Rd8 22. Rad2 Qxa3 23. d5 Rc1 24. f3 0-1

[Event "ISL-ch rapid"]
[Site "Reykjavik"]
[Date "2007.10.20"]
[Round "4.2"]
[White "Stefansson, Hannes"]
[Black "Bergsson, Snorri"]
[Result "0-1"]
[WhiteElo "2574"]
[BlackElo "2298"]
[PlyCount "64"]
[EventDate "2007.10.18"]
[EventType "k.o. (rapid)"]
[EventRounds "5"]
[EventCountry "ISL"]
[SourceTitle "EXT 2008"]
[Source "ChessBase"]
[SourceDate "2007.11.25"]
[SourceVersion "1"]
[SourceVersionDate "2007.11.25"]
[SourceQuality "1"]

1. d4 Nf6 2. c4 e6 3. Nf3 Bb4+ 4. Nbd2 b6 5. a3 Bxd2+ 6. Qxd2 a5 7. b3 h6 8. Bb2 d6 9. e3 Bb7 10. Bd3 Nbd7 11. 0-0 Qe7 12. Qc2 e5 13. Nd2 0-0 14. d5 b5 15. e4 bxc4 16. Bxc4 Rfc8 17. b4 c6 18. dxc6 Bxc6 19. Qd3 Nb6 20. Bb3 d5 21. exd5 Nbxd5 22. Rfe1 Nf4 23. Qf5 Nxg2 24. Bxe5 Nxe1 25. Rxe1 Qd7 26. Qf4 Re8 27. Nc4 Qd3 28. Qg3 Qxg3+ 29. hxg3 Bd5 30. Bc3 Ne4 31. Bb2 Nd6 32. Rc1 Rac8 0-1

[Event "ISL-ch rapid"]
[Site "Reykjavik"]
[Date "2007.10.20"]
[Round "5"]
[White "Thorfinnsson, Bragi"]
[Black "Bergsson, Snorri"]
[Result "1-0"]
[WhiteElo "2404"]
[BlackElo "2298"]
[PlyCount "69"]
[EventDate "2007.10.18"]
[EventType "k.o. (rapid)"]
[EventRounds "5"]
[EventCountry "ISL"]
[SourceTitle "EXT 2008"]
[Source "ChessBase"]
[SourceDate "2007.11.25"]
[SourceVersion "1"]
[SourceVersionDate "2007.11.25"]
[SourceQuality "1"]

1. Nf3 Nf6 2. d4 e6 3. g3 b6 4. Bg2 Bb7 5. 0-0 Be7 6. b3 0-0 7. Bb2 d6 8. c4 Nbd7 9. Nc3 Ne4 10. Qc2 Nxc3 11. Bxc3 Nf6 12. Rfd1 Be4 13. Qc1 Qc8 14. h3 Qb7 15. Qe3 Rfe8 16. Bb2 Rad8 17. Rac1 h6 18. Ne1 Bxg2 19. Nxg2 Qe4 20. Ba3 Qf5 21. Qf3 Qxh3 22. Nf4 Qg4 23. Qxg4 Nxg4 24. Kg2 Bg5 25. e3 Bxf4 26. gxf4 f5 27. Kf3 Kf7 28. c5 d5 29. cxb6 cxb6 30. Rc7+ Kf6 31. Rdc1 a5 32. Rb7 Rb8 33. Rbc7 b5 34. Bd6 Ra8 35. Be5+ 1-0

[Event "ISL-ch rapid"]
[Site "Reykjavik"]
[Date "2007.10.20"]
[Round "5.1"]
[White "Thorfinnsson, Bragi"]
[Black "Bergsson, Snorri"]
[Result "0-1"]
[WhiteElo "2404"]
[BlackElo "2298"]
[PlyCount "80"]
[EventDate "2007.10.18"]
[EventType "k.o. (rapid)"]
[EventRounds "5"]
[EventCountry "ISL"]
[SourceTitle "EXT 2008"]
[Source "ChessBase"]
[SourceDate "2007.11.25"]
[SourceVersion "1"]
[SourceVersionDate "2007.11.25"]
[SourceQuality "1"]

1. e4 c6 2. d4 d5 3. exd5 cxd5 4. Bd3 Nc6 5. c3 Nf6 6. Bg5 Qb6 7. Qb3 Qxb3 8. axb3 e6 9. Nf3 Bd6 10. 0-0 0-0 11. Nbd2 Bd7 12. b4 b6 13. Ba6 Rab8 14. b5 Nd8 15. Ne5 Be8 16. f4 h6 17. Bh4 Nh7 18. Bxd8 Rxd8 19. Nc6 Rd7 20. f5 Rc7 21. fxe6 fxe6 22. Rfe1 Rf6 23. Ne5 Nf8 24. Ndf3 Bh5 25. Re3 g5 26. Rae1 Bg6 27. h3 Bf5 28. Nd2 Bxe5 29. Rxe5 Ng6 30. R5e3 Nf4 31. Rf1 Kg7 32. Kh2 Bg6 33. b3 Nd3 34. c4 h5 35. Ref3 g4 36. Kg3 Bf5 37. Rh1 Nb4 38. cxd5 Nc2 39. Kf4 exd5 40. Ke5 Be6 0-1